MARC

LEADER 00000nam0a2200000 4500
001 204224
005 20231101225213.0
010 |a 9785893172252 
010 |a 978-92-3-404201-7 
010 |a 978-5-89317-227-0 
035 |a (RuTPU)RU\TPU\book\222582 
090 |a 204224 
100 |a 20111121d2011 km y0rusy50 ca 
101 0 |a rus 
102 |a RU 
105 |a a f 000zy 
200 1 |a Наука о спорте. Мировой спорт в фотографиях. Энциклопедия систем жизнеобеспечения  |f под ред. Е. Е. Демидова 
210 |a Москва  |c Юнеско  |c EOLSS  |c Магистр-Пресс  |d 2011 
215 |a 1000 с.  |c ил. 
606 1 |a Физическая культура и спорт  |2 stltpush  |3 (RuTPU)RU\TPU\subj\63791  |9 80728 
610 1 |a спорт 
610 1 |a спорт высших достижений 
610 1 |a спортивная деятельность 
610 1 |a спортивные зрелища 
610 1 |a спортивные движения 
610 1 |a спортивные соревнования 
610 1 |a фотографии 
610 1 |a спортсмены 
610 1 |a виды спорта 
610 1 |a Олимпийские игры 
610 1 |a энциклопедии 
675 |a 796(03)  |v 3 
702 1 |a Демидова  |b Е. Е.  |4 340 
801 1 |a RU  |b 63413507  |c 20111121 
801 2 |a RU  |b 63413507  |c 20111122  |g RCR 
942 |c BK